It looks like you're offline.
Open Library logo
additional options menu

MARC record from Internet Archive

LEADER: 03336cam 2200781 4500
001 ocm00797753
003 OCoLC
005 20100623175411.0
008 731221m19749999enka b 001 0 eng
010 $a 73014382
040 $aDLC$cDLC$dNLM$dMUQ$dOCLCQ$dCOO$dYDXCP$dWY@$dNLE
016 7 $a0426537$2DNLM
019 $a51304409
020 $a0471531677 (v. 1)
020 $a9780471531678 (v. 1)
020 $a0471531685 (pbk., v. 1)
020 $a9780471531685 (pbk., v. 1)
035 $a(OCoLC)797753$z(OCoLC)51304409
050 00 $aQH450$b.L48
060 00 $aQH 450$bL672g 1974
082 00 $a575.2/1$218
100 1 $aLewin, Benjamin.
245 10 $aGene expression$c[by] Benjamin Lewin.
260 $aLondon,$aNew York,$bWiley$c[1974-
300 $av.$billus.$c24 cm.
500 $a"A Wiley-Interscience publication."
504 $aIncludes bibliographical references.
505 0 $av. 1 Bacterial genomes.--v. 2. Eucaryotic chromosomes.--v. 3. Plasmids and phages.
650 0 $aGene expression.
650 0 $aMolecular genetics.
650 6 $aExpressivité génétique.
650 6 $aGénétique moléculaire.
650 2 $aGenetics, Microbial.
650 2 $aMolecular Biology.
650 2 $aProtein Biosynthesis.
776 08 $iOnline version:$aLewin, Benjamin.$tGene expression.$dLondon, New York, Wiley [1974-$w(OCoLC)558220068
776 08 $iOnline version:$aLewin, Benjamin.$tGene expression.$dLondon, New York, Wiley [1974-$w(OCoLC)624723642
938 $aYBP Library Services$bYANK$n212372
952 $a797753$zDLC$bLIBRARY OF CONGRESS$hFull$iLCC$jNLM$kDDC$tContents$u20100521
952 $a127260474$zYUM$bYALE UNIV MED LIBR$hFull$iLCC$kDDC$tContents$u20070515
952 $a133498297$zRBN$bBROWN UNIV$hOther$iLCC$kDDC$tContents$u20070523
952 $a136413430$zUBY$bBRIGHAM YOUNG UNIV LIBR$hFull$iLCC$kDDC$tContents$u20090603
952 $a175275124$zPUL$bPRINCETON UNIV$hFull$iLCC$kDDC$tContents$u20071019
952 $a187053940$zPAU$bUNIV OF PENNSYLVANIA$hFull$iLCC$jNLM$kDDC$tContents$u20080513
952 $a214821586$zCUY$bUNIV OF CALIFORNIA, BERKELEY$hFull$iLCC$kDDC$tContents$u20090224
952 $a224149118$zCLS$bHARVARD UNIV, CABOT SCI LIBR$hLess-than-full batch$iLCC$tContents$u20090719
952 $a231089458$zHMS$bHARVARD UNIV, MED SCH, COUNTWAY LIBR$hLess-than-full batch$iLCC$tContents$u20090719
952 $a245629069$zCASUM$bSTANFORD UNIV LANE MED LIBR$hLess-than-full batch$iLCC$u20081122
952 $a268185092$zCUD$bCAMBRIDGE UNIV$hFull$iLCC$tContents$u20081101
952 $a273002905$zSTF$bSTANFORD UNIV LIBR$hFull$iLCC$kDDC$tContents$u20081118
952 $a469156432$zTEU$bTEMPLE UNIV$hPrepub$tContents$u20091124
952 $a483393154$zN15$bNEW YORK UNIV, GROUP BATCHLOAD$hFull$iLCC$kDDC$tContents$u20091212
029 1 $aNLM$b0426537
029 1 $aNLGGC$b832257036
029 1 $aNLGGC$b201500299
029 1 $aNZ1$b4080488
029 1 $aAU@$b000002475800
029 1 $aAU@$b000000509582
029 1 $aAU@$b000045100482
029 1 $aUNITY$b089126947
029 1 $aUKWIG$b0471531677
029 1 $aLVT$b0471531677
029 1 $aUNITY$b084463538
029 1 $aUKWIG$b0471531642
029 1 $aLVT$b0471531642
029 1 $aHR0$b0471531642
994 $aZ0$bPMR
948 $hNO HOLDINGS IN PMR - 871 OTHER HOLDINGS